Memoria sobre el eclipse total de sol del día 30 de agosto de 1905. (Record no. 166039)

MARC details
000 -LEADER
campo de control de longitud fija 00725nam a22001935i 4500
001 - NÚMERO DE CONTROL
campo de control 166039
003 - IDENTIFICADOR DE NÚMERO DE CONTROL
campo de control ES-MaACL
005 - FECHA Y HORA DE LA ÚLTIMA TRANSACCIÓN
campo de control 20230906213243.0
008 - DATOS DE LONGITUD FIJA--INFORMACIÓN GENERAL
campo de control de longitud fija 990701s1904 sp abf |||| | spa d
040 ## - FUENTE DE CATALOGACIÓN
Centro catalogador/agencia de origen GA
Lengua de catalogación spa
Centro/agencia transcriptor CCPB | 3D
100 1# - ENTRADA PRINCIPAL--NOMBRE DE PERSONA
Nombre de persona Tarazona, Antonio.
9 (RLIN) 133126
245 10 - MENCIÓN DEL TÍTULO
Título Memoria sobre el eclipse total de sol del día 30 de agosto de 1905.
260 ## - PUBLICACIÓN, DISTRIBUCIÓN, ETC.
Lugar de publicación, distribución, etc. Madrid :
Nombre del editor, distribuidor, etc. Observatorio Astronómico,
Fecha de publicación, distribución, etc. 1904.
300 ## - DESCRIPCIÓN FÍSICA
Extensión 125 p., [2] h. de lám., [3] h. de map. pleg. ;
Dimensiones 29 cm.
594 ## - Nota al título y mención de responsabilidad
Nota al título y mención de responsabilidad Autor tomado del pr. (p. 7)
594 ## - Nota al título y mención de responsabilidad
Nota al título y mención de responsabilidad Precede al tít. : Observatorio Astronómico de Madrid.
650 04 - PUNTO DE ACCESO ADICIONAL DE MATERIA--TÉRMINO DE MATERIA
Término de materia o nombre geográfico como elemento de entrada Eclipses solares-
Subdivisión cronológica S.XX.
9 (RLIN) 11993
852 ## - LOCALIZACIÓN
Ubicación ES-MaACL
Número de control de estantería T-1067-F-9
Nota libre -- Enc. hol., conservando la enc. original
Holdings
Estatus retirado Estado de pérdida Estado de daño No para préstamo Colección Biblioteca de origen Biblioteca actual Ubicación en estantería Fecha de adquisición Total de préstamos Signatura topográfica completa Código de barras Visto por última vez Precio de reemplazo Tipo de ítem Koha
        Colección de folletos Biblioteca del Ateneo de Madrid Biblioteca del Ateneo de Madrid Depósito folletos 17/01/2008   T-1067-F-9 1174131 23/02/2023 23/02/2023 Folleto